CASP compTIA advanced security practitioner : (Record no. 18754)
[ view plain ]
| 000 -LEADER | |
|---|---|
| fixed length control field | 01127cam a2200313 i 4500 |
| 005 - DATE AND TIME OF LATEST TRANSACTION | |
| control field | 20230614134426.0 |
| 008 - FIXED-LENGTH DATA ELEMENTS--GENERAL INFORMATION | |
| fixed length control field | 140723s2014 inua b 001 0 eng |
| 010 ## - LIBRARY OF CONGRESS CONTROL NUMBER | |
| LC control number | 2014946680 |
| 020 ## - INTERNATIONAL STANDARD BOOK NUMBER | |
| ISBN | 9781118930847 |
| 040 ## - CATALOGING SOURCE | |
| Original cataloging agency | DLC |
| Language of cataloging | eng |
| Description conventions | rda |
| Transcribing agency | DLC |
| 042 ## - AUTHENTICATION CODE | |
| Authentication code | pcc |
| 050 00 - LIBRARY OF CONGRESS CALL NUMBER | |
| Item number | .G733 2014 |
| 082 04 - DEWEY DECIMAL CLASSIFICATION NUMBER | |
| Classification number | 005.44769 |
| Edition number | 23 |
| Item number | GRE-C |
| 100 1# - MAIN ENTRY--AUTHOR | |
| Author Name | Gregg, Michael |
| Fuller form of name | (Michael C.), |
| 245 10 - TITLE STATEMENT | |
| Title | CASP compTIA advanced security practitioner : |
| Remainder of title | study guide (exam cas-002) / |
| Statement of responsibility, etc. | Michael Gregg. |
| 250 ## - EDITION STATEMENT | |
| Edition statement | Second edition. |
| 260 ## - PUBLICATION, DISTRIBUTION, ETC. | |
| Place of Publication | Canada |
| Name of publisher, distributor, etc. | Wiley |
| Date of publication, distribution, etc. | 2014 |
| 300 ## - PHYSICAL DESCRIPTION | |
| Pages | lxiv, 559 pages : |
| 336 ## - CONTENT TYPE | |
| Content type term | text |
| Source | rdacontent |
| 337 ## - MEDIA TYPE | |
| Media type term | unmediated |
| Source | rdamedia |
| 338 ## - CARRIER TYPE | |
| Carrier type term | volume |
| Source | rdacarrier |
| 504 ## - BIBLIOGRAPHY, ETC. NOTE | |
| Bibliography, etc. note | Includes bibliographical references and index. |
| 650 #0 - SUBJECT ADDED ENTRY--TOPICAL TERM | |
| Subject / Department | Computer security |
| General subdivision | Examinations |
| Form subdivision | Study guides. |
| 650 #0 - SUBJECT ADDED ENTRY--TOPICAL TERM | |
| Subject / Department | Electronic data processing personnel |
| General subdivision | Certification |
| Form subdivision | Study guides. |
| 264 #1 - PRODUCTION, PUBLICATION, DISTRIBUTION, MANUFACTURE, AND COPYRIGHT NOTICE | |
| Place of production, publication, distribution, manufacture | Indianapolis, Indiana : |
| Name of producer, publisher, distributor, manufacturer | John Wiley & Sons, |
| Date of production, publication, distribution, manufacture, or copyright notice | [2014] |
| 300 ## - PHYSICAL DESCRIPTION | |
| -- | illustrations ; |
| -- | 24 cm |
| 906 ## - LOCAL DATA ELEMENT F, LDF (RLIN) | |
| a | 7 |
| b | cbc |
| c | orignew |
| d | 2 |
| e | epcn |
| f | 20 |
| g | y-gencatlg |
| 952 ## - LOCATION AND ITEM INFORMATION (KOHA) | |
| -- | 0 |
| -- | 0 |
| Lost status | Damaged status | Collection code | Permanent Location | Current Location | Shelving Location | Date acquired | Full Call Number | Accession No./Barcode | Date last seen | item type | Koha item type |
|---|---|---|---|---|---|---|---|---|---|---|---|
| CS/IT | Superior Information Resource Center (SIRC) Superior University- Main Campus | Superior Information Resource Center (SIRC) Superior University- Main Campus | Security | 06/14/2023 | 005.447 GRE-C 2014 | 19330 | 06/14/2023 | BOOK | BOOK |
